00290pab a2200097 454500008003600000100002100036245007300057650002200130650002100152773001900173180718b xxu||||| |||| 00| 0 eng d aDandavate, Madhu aThe U.S. - EC farm accord - third world must reject Dunkel proposals a Dunkel Proposals aForeign Commerce aIndian Express